00186nam a2200073Ia 4500082001200000245001900012100004000031008004100071 aEF CONN 0aThe scarecrow  a Connelly, Michael, London, 2010 210817s9999 xx 000 0 und d